000 00586nam a2200193 a 4500
001 000363887
003 AM-YEHGA
005 20250627104817.0
008 040927s1955 le a||||||||||||||0|arm|d
040 _aAM-YEHGA
041 0 _aarm
245 0 0 _aԱշխարհագրութիւն :
_bԱ. դասարան.
260 _aՊէյրութ :
_bՀայ ազգ. Սահակեան բարձր. վարժ-ի հրատ.,
_c1955.
300 _a28 էջ ;
_c21 սմ.
500 _aՁեռագիր
650 1 4 _aԱշխարհագրություն
_vԴասագիրք
942 _2udc
_cBK
090 _c304816
999 _c534632
_d534632